LEADER 00906nam a2200265 i 4500 001 991003010159707536 005 20020503181836.0 008 010315s1985 be ||| | fre 020 $a2804001318 035 $ab10445110-39ule_inst 035 $aEXGIL113486$9ExL 040 $aBiblioteca Interfacoltà$bita 082 0 $a741.5092 100 1 $aBourdil, Pierre Yves$0468298 245 10$aHergé :$bun livre :$bTintin au Tibet, une oeuvre /$cPierre-Yves Bourdil 260 $aBruxelles :$bLabor,$c1985 300 $a79 p. ;$c18 cm. 490 0 $aItinéraires ;$v3 650 4$aHergé . Tintin au Tibet 907 $a.b10445110$b21-02-17$c27-06-02 912 $a991003010159707536 945 $aLE002 Busta 106 7$g1$i2002000905444$lle002$o-$pE0.00$q-$rl$s- $t0$u1$v0$w1$x0$y.i10516116$z27-06-02 996 $aHergé$9223868 997 $aUNISALENTO 998 $ale002$b01-01-01$cm$da $e-$ffre$gbe $h0$i1